| 000 | 00715cam a2200205 4500 | ||
|---|---|---|---|
| 001 | WB3546-04 | ||
| 008 | 000000n1999 000 0 eng u | ||
| 035 | _a(Sirsi) u102734 | ||
| 245 | _aConsultants to form superlobby | ||
| 260 | _c1999 | ||
| 490 |
_aBuilding _v264(8113) 19 November 1999, 10(1) |
||
| 520 | _aThe Construction Industry Council is to set up a consultants group to give engineers, architects, and quantity surveyors more say in government policy-making. The criteria for membership is as yet undecided. | ||
| 590 | _aWB | ||
| 650 | _aCONSTRUCTION INDUSTRY COUNCIL | ||
| 650 | _aFORUM | ||
| 650 | _aCONSULTANTS | ||
| 650 | _aGOVERNMENT POLICY | ||
| 690 | _aBUILT ENVIRONMENT | ||
| 942 | _n0 | ||
| 999 |
_c61720 _d61720 |
||